Quiz o województwie łódzkim - Statystyki

Ogólne statystyki
  • Ten quiz został rozwiązany 3 544 razy
  • Średni wynik to 8 z 18
Statystyki odpowiedzi
Wskazówka Odpowiedź % Poprawnych
Stolica województwa Łódź
100%
Nazwij jeden z dwóch najlepszych klubów piłkarskich w Łodzi ŁKS | Widzew Łódź
78%
Surowiec wydobywany w Kopalni Bełchatów Węgiel brunatny
68%
Miasto uważane za geometryczny środek Polski Piątek
65%
Budynek zachowany w powyższym stylu, dawniej fabryka, obecnie galeria handlowa Manufaktura
62%
Najbardziej utalentowany klub siatkarski XXI w. w Polsce z siedzibą w Bełchatowie, wielokrotny Mistrz Polski PGE Skra Bełchatów
53%
Prezydent największego miasta Hanna Zdanowska
41%
Dwie rzeki, które posiadają wspólne dorzecze (międzyrzecze) - podaj jedną z nich Warta | Widawka
41%
Zupa podobna do barszczu białego bądź żurku Zalewajka
38%
Województwo łódzkie ma najmniejszą ____ w kraju, tylko 21% powierzchni stanowią lasy Lesistość
37%
Łódź i jedno miasto w Wielkiej Brytanii są jedynymi ośrodkami w Europie, które mają przeszłość miasta tkackiego. Charakteryzują się one budynkami z cegły. Podaj nazwę tego miasta. Manchester
37%
Określenie w gwarze łódzkiej na bilet okresowy dla środków komunikacji miejskiej Migawka
37%
Jedyna miejscowość uzdrowiskowa w województwie Uniejów
33%
Ze względu na wiele różnych wpływów (żydowskich, polskich, niemieckich oraz rosyjskich), Łódź często nazywana jest Miastem {Czterech} Kultur
32%
Największy powiat sieradzki
30%
Najwyższa góra w województwie Góra Kamieńsk
20%
Węzeł, na którym przecinają się autostrady A1 i A2 Węzeł {Łódź-Północ}
19%
Wojewoda łódzki Dorota Ryl
9%
Nie znaleziono quizów pasujących do podanych kryteriów
Rozkład punktacji
Procent ludzi z każdym wynikiem
Percentyl według liczby udzielonych odpowiedzi
Twoja historia wyników
Nie rozwiązałeś tego quizu